00998cam a2200241 a 450000100100000000500170001000800410002704000240006808200210009210000480011324500690016125000130023026001050024330000280034849000610037665000330043765000370047083000700050791000280057704900090060595201250061499900170073900001188320200929162614.0831220s1986 sp a 001 0 spa d aDO-SdBNPcCarPdDLC a461bN322m, 19861 aNavarro Tomás, Tomás,d1884-197991593610aManual de pronunciación española /cTomás Navarro Tomás. a14a. ed. aMadrid :bConsejo Superior de Investigaciones Científicas, Instituto "Miguel de Cervantes",c1986. a326 p. :bil. ;c21 cm.1 aPublicaciones de la Revista de filología españolav3 4aEspañolxFonética918781 4aEspañolxPronunciación92218 0aPublicaciones de la Revista de filología española ;v3928090 aCatalogación derivada aBNGR 001052708MOaGRbGRcCTd2009-10-29iLF1l0o461 N322m, 1986p11883-10r2020-06-25w2020-06-25y2ZPréstamo interno c11555d11555